50 rokov výuky geológie a paleontológie na Slovensku : sedimentologické problémy Západných Karpát /
| Ďalší autori: | , , |
|---|---|
| Médium: | Kniha |
| Jazyk: | Slovak Czech English |
| Vydané: |
Bratislava :
Geologický ústav D. Štúra,
1990
|
| Vydanie: | 1. vyd. |
| Témy: |
| LEADER | 00952nam a2200337 a 4500 | ||
|---|---|---|---|
| 001 | 000000219 | ||
| 003 | SVKKK | ||
| 005 | 20070403140833.0 | ||
| 008 | 030616c1990 xo e sloo | ||
| FMT | |||
| 038 | |a SVKKK | ||
| 040 | |a SVKKK |b slo |e AACR2 | ||
| 041 | 1 | |a slo |a cze |h eng | |
| 044 | |a xo | ||
| 245 | 0 | 0 | |a 50 rokov výuky geológie a paleontológie na Slovensku : |b sedimentologické problémy Západných Karpát / |c Sýkora Milan, Jablonský Jozef, Samuel Ondrej |
| 250 | |a 1. vyd. | ||
| 260 | |a Bratislava : |b Geologický ústav D. Štúra, |c 1990 | ||
| 300 | |a [?] s. | ||
| 650 | 0 | 4 | |a geológia |
| 650 | 0 | 4 | |a paleontológia |
| 650 | 0 | 4 | |a sedimentológia |
| 650 | 0 | 4 | |a stratigrafia |
| 650 | 0 | 4 | |a tektonika |z Západné Karpaty |x Slovensko |x zborníky |
| 700 | 1 | |a Jablonský, Jozef |4 com | |
| 700 | 1 | |a Samuel, Ondrej |4 com | |
| 700 | 1 | |a Sýkora, Milan |4 com | |
| 958 | |a NP | ||
| 992 | |a AZN | ||
| BAS | |||
| 852 | |a SVKKK |b BIB | ||
| 998 | |a GEO | ||